000 00322nam a22001337a 4500
020 _a978-1-4072-2752-8
082 _a823
_bSIM/H
100 _aFRANCESCA SIMON
245 _aHORRID HENRY'S HAUNTED HOUSE
260 _aUNITED KINGDOM
_bORION
_c1999
300 _a88
650 _aCHILDRENS STORY BOOK
_zUNITED KINGDOM
942 _cBK
999 _c61
_d61